00870cam a2200193 a 4500020001500000040000800015082002600023245019600049260010900245300003000354650001600384650001600400700001700416700001900433710005000452942001000502999001700512952014700529 a971851113X cDLC00a639 AQU 1988 C157 Or.00aPerspectives in aquaculture development in Southeast Asia and Japan :bproceedings of the Seminar on Aquaculture Development in Southeast Asia, Iloilo City, Philippines, 8-12 September 1987 / aTigbauan, Iloilo, Philippines :bAquaculture Dept., Southeast Asian Fisheries Development Center,c1988. a316 p. :bill. :;c23 cm. 0aAquaculture 0aAquaculture1 aJuario, J.V.1 aBenitez. L. V.2 aSoutheast Asian Fisheries Development Center. cAEDBB c18993d18993 0010406639_000000000000000_AQU_1988_C157_OR70983738aLBCbLBCcC157d2020-02-19eA37156o639 AQU 1988 C157 Or.r2020-02-19w2020-02-19yEK